Datum a čas kvízu

17.5 Celkem bodů Celkový počet nahraných bodů na tomto kvízu bez doplňovacích otázek.
10. Pořadí na kvízu Konečné umístění týmu na tomto kvízu.

Zaznamenané odpovědi

# Otázka Odpověď Body Výsledky
2. Minulý týden došlo ke ztrátě j... kytarou 0
3. Herecká asociace oznámila jmén... Dana Syslová 0
4. Kim Kardashian minulý týden př... Jsou chlupaté. 1
5. Při pokračování kvalifikace fo... D) krysa 0
1. Minulý čtvrtek byl na několik... Metrouš 1
6. Napište jméno pouště na obrázk... Namib (Namibská poušť) 0
7. Uveďte, kterým čtyřpísmenným p... vádí 0
8. Vyberte, se kterým živočichem... B 1
9. Pokud bylo cílovým místem slav... růžová (Růžové jezero) 0
10. Který spisovatel je autorem vě... Frank Herbert 0